Understanding section 21 (Record no. 79675)

MARC details
000 -LEADER
fixed length control field 01236cab a22002415a 4500
001 - CONTROL NUMBER
control field L141963
008 - FIXED-LENGTH DATA ELEMENTS--GENERAL INFORMATION
fixed length control field 080116s2008 xxk f 000 0 eng d
035 ## - SYSTEM CONTROL NUMBER
System control number (Sirsi) u141963
041 0# - LANGUAGE CODE
Language code of text/sound track or separate title eng
100 1# - MAIN ENTRY--PERSONAL NAME
Personal name D'Orton-Gibson, David
245 00 - TITLE STATEMENT
Title Understanding section 21
Remainder of title avoid pitfalls with these common notices
260 ## - PUBLICATION, DISTRIBUTION, ETC.
Date of publication, distribution, etc. 2008
490 ## - SERIES STATEMENT
Series statement Letting Update Journal
Volume/sequential designation 4(15) January 2008, 14-17(4)
520 ## - SUMMARY, ETC.
Summary, etc. Examines the legislation surrounding notices served under the Housing Act 1988 Section 21, or a Notice Seeking Possession. Underlines the distinction from a Notice To Quit, which is prohibited by the Housing Act 1988. Section 21 notices do not end the tenancy, but rather allow the landlord to begin court action seeking possession. Outlines the rules governing these notices. Shows the issues raise by the Tenancy Deposit Protection legislation. Case law. (Part one of two - see also L143299.)
590 ## - LOCAL NOTE (RLIN)
Local note KA
650 24 - SUBJECT ADDED ENTRY--TOPICAL TERM
Topical term or geographic name entry element PROTECTION FROM EVICTION ACT 1977
650 24 - SUBJECT ADDED ENTRY--TOPICAL TERM
Topical term or geographic name entry element HOUSING ACT 1988 S21
650 24 - SUBJECT ADDED ENTRY--TOPICAL TERM
Topical term or geographic name entry element SECTION 21 NOTICES
650 24 - SUBJECT ADDED ENTRY--TOPICAL TERM
Topical term or geographic name entry element FERNANDEZ V MCDONALD
651 #4 - SUBJECT ADDED ENTRY--GEOGRAPHIC NAME
Geographic name England and Wales
Chronological subdivision 1543-
690 ## - LOCAL SUBJECT ADDED ENTRY--TOPICAL TERM (OCLC, RLIN)
Topical term or geographic name as entry element PROPERTY-RESIDENTIAL PROPERTY-RESIDENTIAL LANDLORD AND TENANT-RESIDENTIAL LEASES
942 ## - ADDED ENTRY ELEMENTS (KOHA)
Suppress in OPAC 0
Holdings
Withdrawn status Lost status Source of classification or shelving scheme Damaged status Not for loan Home library Current library Shelving location Date acquired Total Checkouts Full call number Barcode Date last seen Copy number Price effective from Koha item type
    Dewey Decimal Classification     London London Journal article 17/01/2008   L141963 141963-1001 06/08/2019 1 06/08/2019 Journal article